000 00977nam1a22002291 4500
001 rc\510139
005 20030616164843.8
035 _a(NLR Aleph) 005810817
090 _a5385025
_c5385025
100 _a20030616d1988 u |0rusy50 ca
101 0 _arus
102 _aRU
105 _ay |||||||||
200 1 _aМатериалы биомедицинского назначения для наружного применения, инструментов, медицинских аппаратов и инплантантов
_eУчеб. пособие по курсу "Биомед. материаловедение"
_fМ-во высш. и сред. спец. образования СССР, МВТУ им. Н.Э. Баумана
210 _aМ.
_cМВТУ
_d1988
215 _d20
700 1 _aВеденков
_bВ. Г.
_gВиктор Григорьевич
801 0 _aRU
_bNLR
_gpsbo
801 1 _aRU
_bELAR
_2rusmarc
852 _aNLR
_j88-4/27398
942 _cBOOK
980 _aNB